<?xml version="1.0" encoding="UTF-8"?>
<record
    xmlns:xsi="http://www.w3.org/2001/XMLSchema-instance"
    xsi:schemaLocation="http://www.loc.gov/MARC21/slim http://www.loc.gov/standards/marcxml/schema/MARC21slim.xsd"
    xmlns="http://www.loc.gov/MARC21/slim">

  <leader>00992nam a22001817a 4500</leader>
  <controlfield tag="008">151029b        xxu||||| |||| 00| 0 eng d</controlfield>
  <datafield tag="020" ind1=" " ind2=" ">
    <subfield code="a">9781451146240</subfield>
  </datafield>
  <datafield tag="050" ind1=" " ind2=" ">
    <subfield code="a">RM125.M846</subfield>
  </datafield>
  <datafield tag="245" ind1=" " ind2=" ">
    <subfield code="a">Nursing pharmacology: made incredibly easy. /</subfield>
    <subfield code="c">edited by Mary T. Durkin and Barbara E. Hodgson</subfield>
  </datafield>
  <datafield tag="250" ind1=" " ind2=" ">
    <subfield code="a">3rd ed.</subfield>
  </datafield>
  <datafield tag="260" ind1=" " ind2=" ">
    <subfield code="a">New York:</subfield>
    <subfield code="b">Lippincott Williams &amp; Wilkins,</subfield>
    <subfield code="c">2013.</subfield>
  </datafield>
  <datafield tag="300" ind1=" " ind2=" ">
    <subfield code="a">v, 730p.:</subfield>
    <subfield code="b">ills.;</subfield>
    <subfield code="c">23cm.</subfield>
  </datafield>
  <datafield tag="500" ind1=" " ind2=" ">
    <subfield code="a">Includes index</subfield>
  </datafield>
  <datafield tag="505" ind1=" " ind2=" ">
    <subfield code="a">Content: Fundamentals of nursing pharmacology -- Autonomic nervous system drugs -- Neurologic and neuromuscular drugs -- Pain medications -- Cardiovascular drugs -- Respiratory drugs -- Gastrointestinal drugs -- Genitourinary drugs -- Hematologic drugs -- Endocrine drugs -- Psychotropic drugs -- Anti-infective drugs -- Anti-inflammatory, antiallergy, and immunosuppressant drugs -- Antineoplastic drugs -- Drugs for fluid and electrolyte balance.</subfield>
  </datafield>
  <datafield tag="700" ind1=" " ind2=" ">
    <subfield code="a">Mary T. Durkin </subfield>
  </datafield>
  <datafield tag="700" ind1=" " ind2=" ">
    <subfield code="a">Barbara E. Hodgson</subfield>
  </datafield>
  <datafield tag="942" ind1=" " ind2=" ">
    <subfield code="2">lcc</subfield>
    <subfield code="c">BK</subfield>
  </datafield>
  <datafield tag="999" ind1=" " ind2=" ">
    <subfield code="c">5812</subfield>
    <subfield code="d">13312</subfield>
  </datafield>
  <datafield tag="952" ind1=" " ind2=" ">
    <subfield code="0">0</subfield>
    <subfield code="1">0</subfield>
    <subfield code="2">lcc</subfield>
    <subfield code="4">0</subfield>
    <subfield code="7">0</subfield>
    <subfield code="a">WIUC-1</subfield>
    <subfield code="b">WIUC-1</subfield>
    <subfield code="c">NURS L.</subfield>
    <subfield code="d">2015-10-29</subfield>
    <subfield code="l">0</subfield>
    <subfield code="o">RM125.M846</subfield>
    <subfield code="p">NURS/237/15</subfield>
    <subfield code="r">2015-10-29 00:00:00</subfield>
    <subfield code="w">2015-10-29</subfield>
    <subfield code="y">BK</subfield>
  </datafield>
</record>
